书目信息 |
| 题名: |
认知心理学
|
|
| 作者: | 丁锦红 编著 | |
| 分册: | ||
| 出版信息: | 北京 中国人民大学出版社 2014 |
|
| 页数: | 253页 | |
| 开本: | 26cm | |
| 丛书名: | ||
| 单 册: | ||
| 中图分类: | B842.1 | |
| 科图分类: | ||
| 主题词: | 认知心理学--Ren Zhi Xin Li Xue--教材 | |
| 电子资源: | ||
| ISBN: | 978-7-300-19684-8 | |
| 000 | 00891nam0 22002771 450 | |
| 001 | 0101082357 | |
| 005 | 20161201100046.59 | |
| 010 | @a978-7-300-19684-8@dCNY29.90 | |
| 100 | @a20140923d2014 em y0chiy50 ea | |
| 101 | 0 | @achi |
| 102 | @aCN@b110000 | |
| 105 | @aa z 000yy | |
| 106 | @ar | |
| 200 | 1 | @a认知心理学@ARen Zhi Xin Li Xue@f丁锦红[等]编著 |
| 205 | @a2版 | |
| 210 | @a北京@c中国人民大学出版社@d2014 | |
| 215 | @a253页@c图@d26cm | |
| 300 | @a21世纪心理学系列教材 | |
| 304 | @a中国人民大学心理研究所组织编写 | |
| 304 | @a编著者还有:张钦、郭春彦、魏萍 | |
| 330 | @a本书介绍了认知心理学的基本原理和方法,对知觉、注意、记忆、表象、思维和言语等各种重要认知过程进行了讨论。 | |
| 606 | 0 | @a认知心理学@ARen Zhi Xin Li Xue@j教材 |
| 690 | @aB842.1@v5 | |
| 701 | 0 | @a丁锦红@ADing Jin Hong@4编著 |
| 801 | 0 | @aCN@bTANGWEI@c20161128 |
| 905 | @b0950590-4@dB842.1@e1500=2@f5 | |
| 认知心理学/丁锦红[等]编著.-2版.-北京:中国人民大学出版社,2014 |
| 253页:图;26cm |
| 21世纪心理学系列教材 |
| ISBN 978-7-300-19684-8:CNY29.90 |
| 本书介绍了认知心理学的基本原理和方法,对知觉、注意、记忆、表象、思维和言语等各种重要认知过程进行了讨论。 |
| ● |
| 相关链接 |
|
|
|
|
正题名:认知心理学
索取号:B842.1/1500=2
 
预约/预借
| 序号 | 登录号 | 条形码 | 馆藏地/架位号 | 状态 | 备注 |
| 1 | 0950590 | 209505908 | 第一样本阅览室/ [索取号:B842.1/1500=2] | 在馆 | |
| 2 | 0950591 | 209505917 | 第一借阅区/ [索取号:B842.1/1500=2] | 在馆 | |
| 3 | 0950592 | 209505926 | 第一借阅区/ [索取号:B842.1/1500=2] | 在馆 | |
| 4 | 0950593 | 209505935 | 第一借阅区/ [索取号:B842.1/1500=2] | 在馆 | |
| 5 | 0950594 | 209505944 | 第一借阅区/ [索取号:B842.1/1500=2] | 在馆 |